Geboren in Lünen - Statistiken

Allgemein
  • Dieses Quiz wurde 11 mal gespielt
  • Das Durchschnittsergebnis liegt bei 2 aus 5
Antwortstatistiken
Hinweis Antwort % Korrekt
Fraktionsvorsitzender der AfD in Thüringen, Begründer der rechtsextremen Parteiströumg "Der Flügel" und einer der einflussreichsten Politiker innerhalb der Partei 1972 Björn Höcke
67%
Sänger und Mitbegründer des Palast Orchesters in Berlin, vor allem bekannt für seine Coverversionen von Liedern aus den 1920er und 1930er Jahren 1962 Max Raabe
67%
ehemaliger Fußballnationalspieler (Borussia Dortmund und TSV 1860 München) 1938 Timo Konietzka
44%
Präsident von Borussia Dortmund von 1986 bis 2004 1948 Gerd Niebaum
22%
Mitgründer der Gewerkschaft Eisenhütte Westfalia 1796 Caspar Diedrich Wehrenbold
11%
Keine übereinstimmenden Quizze gefunden
Verteilung der Resultate
Anzahl Personen mit jedem Resultat
Perzentil nach korrekt beantworteten Fragen
Ihre Resultats-Entwicklung
Sie haben dieses Quiz noch nicht gespielt